Países com Porta-Aviões - Statistics

Estatísticas Gerais
  • Esse quiz foi jogado 2 602 vezes
  • A pontuação média é 7 de 9
Estatísticas das Respostas
# País % Correto
11 Estados Unidos
100%
2 China
97%
1 Rússia
96%
1 França
91%
2 Reino Unido
89%
1 Índia
80%
1 Espanha
77%
2 Itália
76%
1 Tailândia
19%
Nenhum quiz correspondente encontrado
Distribuição das Pontuações
Porcentagem de Pessoas com Cada Pontuação
Percentil de Números Respondidos
Sua Pontuação Histórica
Você não jogou esse quiz